| 000 | 00625nam a2200205Ia 4500 | ||
|---|---|---|---|
| 005 | 20250508163916.0 | ||
| 008 | 008 250505s9999 xx 000 0 eng d | ||
| 020 | _a0-7619-9320-7 | ||
| 037 | _aTextual | ||
| 040 |
_aFEDL _beng _cFEDL |
||
| 041 |
_aeng _2eng |
||
| 084 |
_a331.127 91, KHA _qFEDL |
||
| 100 |
_aKhadria Binod _9776743 |
||
| 245 | 0 | _aMigration of knowledge workers : Second - generation effects of India's brain drain | |
| 260 |
_aNew Delhi, India _bSage Publications _c1999 |
||
| 300 | _a240p | ||
| 650 | _aEconomics | ||
| 942 |
_cTEXL _h331.127 91, KHA |
||
| 999 |
_c1385910 _d1385910 |
||